<?xml version="1.0" encoding="UTF-8"?>
<record
    xmlns:xsi="http://www.w3.org/2001/XMLSchema-instance"
    xsi:schemaLocation="http://www.loc.gov/MARC21/slim http://www.loc.gov/standards/marcxml/schema/MARC21slim.xsd"
    xmlns="http://www.loc.gov/MARC21/slim">

  <leader>00218nam a2200085   4500</leader>
  <controlfield tag="001">1236201</controlfield>
  <controlfield tag="005">20251001145107.0</controlfield>
  <datafield tag="245" ind1=" " ind2=" ">
    <subfield code="a">KARA DEL&#x130;K B&#x130;R DEL&#x130;K DE&#x11E;&#x130;LD&#x130;R</subfield>
    <subfield code="c">CAROLYN C&#x130;NAM&#x130; DECR&#x130;STOFANO</subfield>
  </datafield>
  <datafield tag="260" ind1=" " ind2=" ">
    <subfield code="b">T&#xDC;B&#x130;TAK</subfield>
  </datafield>
  <datafield tag="999" ind1=" " ind2=" ">
    <subfield code="c">1236201</subfield>
    <subfield code="d">1236201</subfield>
  </datafield>
  <datafield tag="952" ind1=" " ind2=" ">
    <subfield code="0">0</subfield>
    <subfield code="1">0</subfield>
    <subfield code="2">ddc</subfield>
    <subfield code="4">0</subfield>
    <subfield code="7">0</subfield>
    <subfield code="a">1020</subfield>
    <subfield code="b">1020</subfield>
    <subfield code="d">2025-09-19</subfield>
    <subfield code="l">0</subfield>
    <subfield code="o">TY3</subfield>
    <subfield code="p">10204635</subfield>
    <subfield code="r">2025-10-01 14:51:27</subfield>
    <subfield code="w">2025-10-01</subfield>
    <subfield code="y">BK</subfield>
  </datafield>
</record>
